00565 2200205 4500001002100000008004100021035002000062245005400082100002200136250001000158260003300168300003100201020002200232084001600254520003000270082001000300650002700310990001100337990001100348INLIS000000000014918 ind  a0010-1022000236 aStop! OsteoporosiscUlfah Nurrahmani;editor; Qoni aULFAH, Nurrahmani acet.1 aYogyakarta :bFamilia,c2021 avi,112 hlm.: ilus.c20 cm. a978-602-9434-52-1 a616.7 ULF s aBibliografi.: hlm 111-112 a616.7 aPENYAKIT, OSTEOPOROSIS a9769 a a9769 b